British Airways International routes from Heathrow Int'l Airport (LHR) - Statistics

General Stats
  • This quiz has been taken 58 times
  • The average score is 83 of 146
Answer Stats
International Route Country % Correct
Johannesburg-O.R Tambo South Africa
100%
Palma de Mallorca Spain
100%
Dubai-International United Arab Emirates
97%
Athens Greece
95%
Abu Dhabi United Arab Emirates
89%
Amsterdam Netherlands
89%
Boston United States of America
89%
Berlin Germany
86%
Lagos Nigeria
86%
Los Angeles United States of America
86%
Madrid Spain
86%
New Orleans United States of America
86%
Accra Ghana
84%
Barcelona Spain
84%
Dallas/Fort Worth United States of America
84%
Rome-Fiumicino Italy
84%
Brussels Belgium
81%
Cairo Egypt
81%
Cape Town South Africa
81%
Chicago-O'Hare United States of America
81%
Copenhagen Denmark
81%
Delhi India
81%
Geneva Switzerland
81%
New York-JFK United States of America
81%
Paris-Charles de Gaulle France
81%
Atlanta United States of America
78%
Buenos Aires Argentina
78%
Denver United States of America
78%
Houston-Intercontinental United States of America
78%
Istanbul Turkiye
78%
Milan-Linate Italy
78%
Milan-Malpensa Italy
78%
Amman Jordan
76%
Bucharest-Otopeni Romania
76%
Dublin Ireland
76%
Lisbon Portugal
76%
Mumbai-Shivaji India
76%
San Jose Costa Rica
76%
Stockholm-Arlanda Sweden
76%
Zurich Switzerland
76%
Bahrain Bahrain
73%
Budapest Hungary
73%
Doha Qatar
73%
Mexico City Mexico
73%
Miami United States of America
73%
Abuja Nigeria
70%
Dusseldorf Germany
70%
Montreal-Trudeau Canada
70%
Munich Germany
70%
Naples Italy
70%
Newark United States of America
70%
Oslo Norway
70%
Toronto-Pearson Canada
70%
Frankfurt Germany
68%
Hamburg Germany
68%
Marseille France
68%
Seattle/Tacoma United States of America
68%
Sydney Australia
68%
Washington-Dulles United States of America
68%
Melbourne Australia
65%
Warsaw-Chopin Poland
65%
Bengaluru India
62%
Hong Kong China
62%
Kuala Lumpur-International Malaysia
62%
Nairobi-Jomo Kenyatta Kenya
62%
Reykjavik-Keflavik Iceland
62%
Riyadh Saudi Arabia
62%
San Francisco United States of America
62%
Shanghai-Pudong China
62%
Vancouver Canada
62%
Basel/Mulhouse France/Switzerland
59%
Bologna Italy
59%
Krakow Poland
59%
Las Vegas United States of America
59%
Luxembourg Luxembourg
59%
Lyon France
59%
Malaga Spain
59%
Singapore Singapore
59%
Tokyo-Haneda Japan
59%
Venice Italy
59%
Gothenburg Sweden
57%
Nice France
57%
Orlando United States of America
57%
Vienna Austria
57%
Jeddah Saudi Arabia
54%
Marrakesh Morocco
54%
Philadelphia United States of America
54%
Sao Paulo-Guarulhos Brazil
54%
Tampa United States of America
54%
Barbados Barbados
51%
Larnaca Cyprus
51%
Male Maldives
51%
Austin United States of America
49%
San Diego United States of America
49%
Baltimore United States of America
46%
Chennai India
46%
Hyderabad India
46%
Palermo Italy
46%
Pisa Italy
46%
Rio de Janeiro-Galeao Brazil
46%
Sofia Bulgaria
46%
Tel Aviv Israel
46%
Toulouse France
46%
Billund Denmark
43%
Santiago Chile
43%
Hanover Germany
41%
Nassau Bahamas
41%
Zagreb Croatia
41%
Cincinnati United States of America
38%
Florence Italy
38%
Split Croatia
38%
Nashville United States of America
35%
Tenerife-South Spain
35%
Valencia Spain
35%
Faro Portugal
32%
Heraklion Greece
32%
Phoenix-Sky Harbor United States of America
32%
Corfu Greece
30%
Dubrovnik Croatia
30%
Paphos Cyprus
30%
Rhodes Greece
30%
Tbilisi Georgia
30%
Tirana Albania
30%
Zakynthos Greece
30%
Ibiza Spain
27%
Thessaloniki Greece
27%
Dalaman Turkiye
24%
Innsbruck Austria
24%
Nuremburg Germany
24%
Olbia Italy
24%
Salzburg Austria
24%
St.Louis United States of America
24%
Bodrum Turkiye
22%
Brindisi Italy
22%
Mykonos Greece
22%
Santorini Greece
22%
Tromso Norway
22%
Chania Greece
19%
Figari France
19%
Ljubljana Slovenia
19%
Rimini Italy
19%
Tivat Montenegro
19%
Kefalonia Greece
16%
Ponta Delgada Spain
14%
Perugia Italy
8%
Preveza Greece
8%
No matching quizzes found
Score Distribution
Percent of People with Each Score
Percentile by Number Answered
Your Score History
You have not taken this quiz